[Event "Canada zt"]
[Site "Canada"]
[Date "1986.??.??"]
[Round "?"]
[White "Allan, Denis"]
[Black "Baragar, Fletcher"]
[Result "1-0"]
[WhiteElo "2280"]
[BlackElo "2270"]

1.d4 Nf6 2.c4 e6 3.Nf3 b6 4.Nc3 Bb7 5.a3 d5 6.cxd5 exd5 7.Bg5 Be7 8.Qa4+ c6
9.Bxf6 Bxf6 10.e3 O-O 11.Bd3 c5 12.Rd1 Re8 13.O-O Nd7 14.Bb5 cxd4 15.exd4 a6
16.Bxd7 b5 17.Bxb5 axb5 18.Qb3 Bc6 19.Rfe1 Qd7 20.Na2 Re4 21.Nb4 Rae8 22.Rxe4 Rxe4
23.Qc2 Bb7 24.Nd3 Qe8 25.Nde5 Bxe5 26.Nxe5 f6 27.Nf3 Bc8 28.h3 Be6 29.Qc7 h6
30.Kh2 Qh5 31.Rd3 Kh7 32.Ng1 f5 33.Re3 Rxe3 34.fxe3 Qg5 35.Qe5 Bf7 36.g4 fxg4
37.Qxg5 hxg5 38.hxg4 Bg6 39.Nf3 Kh6 40.Ne5 Bc2 41.Kg3 g6 42.Nf7+ Kg7 43.Nxg5 Kf6
44.Kf4 Bb1 45.e4 dxe4 46.Nxe4+ Ke6 47.d5+ Kd7 48.Ke5  1-0

[Event "Midwest Masters op"]
[Site "Chicago"]
[Date "1986.??.??"]
[Round "2"]
[White "Eckert, Doug D"]
[Black "Shamkovich, Leonid"]
[Result "1/2-1/2"]
[WhiteElo "2315"]
[BlackElo "2435"]

1.d4 Nf6 2.c4 e6 3.Nf3 b6 4.Nc3 Bb4 5.Bg5 h6 6.Bh4 Bxc3+ 7.bxc3 Bb7 8.e3 d6
9.Bd3 Nbd7 10.O-O g5 11.Bg3 Ne4 12.Qc2 Ndf6 13.Nd2 Nxd2 14.Qxd2 Ne4 15.Qc2 f5
16.d5 Nc5 17.f4 Qe7 18.e4 fxe4 19.Bxe4 O-O-O 20.Rae1 Qg7 21.dxe6 Nxe4 22.Rxe4 gxf4
23.Rexf4 Qe5 24.Re1 Qc5+ 25.Kh1 Rde8 26.Qg6 Qc6 27.Re2 h5 28.Qf6 Qa4 29.e7 Qd1+
30.Re1 Qd2 31.Rg1 Bc6 32.Qxh8 Rxh8 33.Rf8+ Kb7 34.Rxh8 Bxg2+ 35.Rxg2 Qd1+  1/2-1/2

[Event "Delmenhorst"]
[Site "Delmenhorst"]
[Date "1986.??.??"]
[Round "?"]
[White "Meyer, Holger"]
[Black "Kruszynski, Wlodzimierz"]
[Result "0-1"]
[WhiteElo "2310"]
[BlackElo "2360"]

1.d4 Nf6 2.c4 e6 3.Nf3 b6 4.Nc3 Bb4 5.Qc2 Bb7 6.a3 Bxc3+ 7.Qxc3 d6 8.e3 Nbd7
9.Be2 O-O 10.b4 Qe7 11.Bb2 Ne4 12.Qc2 f5 13.O-O Rae8 14.Rad1 Kh8 15.Nd2 Qg5
16.d5 Nxd2 17.Qxd2 Nf6 18.f4 Qg6 19.Bf3 exd5 20.cxd5 Re7 21.Rfe1 Rfe8 22.Qd3 Ng4
23.Bd4 Kg8 24.Rc1 Qf7 25.h3 Ne5 26.fxe5 dxe5 27.d6 e4 28.Qd1 exf3 29.dxe7 Qg6
30.Qb3+ Kh8 31.Qb2 Rxe7 32.Rc2 Qg3 33.Rd1 h6 34.Rf2 Kh7 35.Rdf1 fxg2 36.Rxg2 Qxh3
37.Qf2 Be4 38.Qg3 Bxg2 39.Qxg2 Qh5 40.b5 Qf7 41.a4 Qe6 42.Rc1 Qf7 43.Qg3 Qb3
44.Qf4 Qf7 45.Be5 Qh5 46.Kf2 Rd7 47.e4 fxe4 48.Rxc7 Rxc7 49.Qxe4+ g6 50.Qf4  0-1

[Event "Dortmund op"]
[Site "Dortmund"]
[Date "1986.??.??"]
[Round "4"]
[White "Farago, Ivan"]
[Black "Zsinka, Laszlo"]
[Result "1-0"]
[WhiteElo "2520"]
[BlackElo "2350"]

1.d4 Nf6 2.c4 e6 3.Nf3 b6 4.Nc3 Bb4 5.Bg5 Bb7 6.Nd2 c5 7.a3 Bxc3 8.bxc3 d6
9.f3 Nbd7 10.e4 e5 11.dxe5 dxe5 12.Be2 h6 13.Bh4 Qc7 14.Nf1 O-O-O 15.Ne3 g5
16.Bf2 Nf8 17.Qc2 Ng6 18.a4 a5 19.Rb1 Nf4 20.Bf1 h5 21.g3 Ng6 22.Qb3 Rd6
23.Bg2 g4 24.Qc2 Rhd8 25.Nd5 Nxd5 26.cxd5 Ba6 27.c4 Kb8 28.O-O Ka7 29.Be3 Bc8
30.fxg4 hxg4 31.Qf2 f6 32.Rxb6 Kxb6 33.Bxc5+ Kb7 34.Rb1+ Ka8 35.Bxd6 Rxd6
36.c5 Ra6 37.Bf1 Ra7 38.Bb5 Bd7 39.c6 Bc8 40.Qc5  1-0

[Event "FRA-ch"]
[Site "Epinal"]
[Date "1986.??.??"]
[Round "12"]
[White "Miralles, Gilles"]
[Black "Andruet, Gilles"]
[Result "0-1"]
[WhiteElo "2410"]
[BlackElo "2365"]

1.d4 Nf6 2.Nf3 e6 3.c4 b6 4.Nc3 Bb7 5.a3 d5 6.cxd5 exd5 7.g3 Bd6 8.Bg2 O-O
9.O-O Re8 10.Qb3 Nbd7 11.Rd1 Qe7 12.Ne1 Ne4 13.Nb5 c5 14.Bxe4 dxe4 15.Bg5 Qxg5
16.Nxd6 Bd5 17.Qe3 Qxe3 18.fxe3 Red8 19.dxc5 Bb3 20.c6 Bxd1 21.Rxd1 Nf8 22.c7 Rd7
23.Rc1 Rxd6 24.c8=Q Rxc8 25.Rxc8 Rd2 26.Rc2 Rxc2 27.Nxc2 Nd7 28.Nd4 Ne5 29.Nb5 a5
30.Nd6 f5 31.h3 g6 32.Kf2 Kg7 33.Ke1 Kf6 34.b3 Ke6 35.Nc8 Nd7 36.Kd2 Kd5
37.Kc3 Kc6 38.Kd4 Nc5 39.b4 axb4 40.axb4 Na6 41.g4 fxg4 42.hxg4 Nxb4 43.Kxe4 Kc5
44.Ke5 b5 45.Nd6 Nc6+ 46.Ke6 b4 47.Ne4+ Kc4 48.g5 b3 49.Kd6 Na5 50.Nd2+ Kc3
51.Nxb3 Nxb3 52.Ke5 Kd2 53.e4 Ke3 54.Kd5 Nd4 55.e5 Nxe2  0-1

[Event "Gausdal Int"]
[Site "Gausdal"]
[Date "1986.??.??"]
[Round "?"]
[White "Petursson, Margeir"]
[Black "Vinje Gulbrandsen, Arne"]
[Result "1-0"]
[WhiteElo "2510"]
[BlackElo "2320"]

1.d4 Nf6 2.c4 e6 3.Nf3 b6 4.Nc3 Bb7 5.a3 d5 6.cxd5 Nxd5 7.Qc2 Nxc3 8.bxc3 Qd5
9.e3 Nd7 10.Bd3 Qh5 11.e4 Be7 12.Bf4 c6 13.O-O O-O 14.Rfe1 Rfe8 15.h3 Nf8
16.Ne5 Bg5 17.Bh2 f6 18.Be2 Qh6 19.Ng4 Qg6 20.f4 Bh6 21.Bc4 Kh8 22.Qf2 c5
23.f5 exf5 24.exf5 Qg5 25.d5 Qd2 26.Nxh6 Qxf2+ 27.Kxf2 gxh6 28.d6 Bc6 29.Re7 b5
30.Bf7 Red8 31.Bf4 Be8 32.Bxe8 Rxe8 33.Bxh6 Rxe7 34.dxe7 Nd7 35.Rd1  1-0

[Event "Wch U20"]
[Site "Gausdal"]
[Date "1986.??.??"]
[Round "3"]
[White "Piket, Jeroen"]
[Black "Hellers, Ferdinand"]
[Result "1/2-1/2"]
[WhiteElo "2390"]
[BlackElo "2440"]

1.d4 Nf6 2.c4 e6 3.Nf3 b6 4.Nc3 Bb4 5.Bg5 Bb7 6.Qc2 h6 7.Bh4 g5 8.Bg3 Ne4
9.Be5 f6 10.d5 fxe5 11.Qxe4 Qf6 12.h4 gxh4 13.Qxe5 Qxe5 14.Nxe5 exd5 15.cxd5 Bxd5
16.Rxh4 Nc6 17.Nxc6 Bxc3+ 18.bxc3 Bxc6 19.O-O-O Ke7 20.e4 Rag8 21.f3 h5 22.Kd2 Rg5
23.Ke3 Rc5 24.c4 Rg8 25.Rd2 d6 26.Bd3 Rcg5 27.Bf1 Be8 28.Rd5 Bf7 29.Rf5 Be6
30.Rb5 a6 31.Rxg5 Rxg5 32.f4 Ra5 33.f5 Bf7 34.Be2 Rxa2 35.Bxh5 Rxg2 36.Bxf7 Kxf7
37.Kd4 b5 38.cxb5 axb5 39.e5 dxe5+ 40.Kxe5 Re2+ 41.Kd5 Rc2 42.Rh8 c6+ 43.Ke5 Rc5+
44.Kd6 Rc4 45.Ke5 Rc5+  1/2-1/2

[Event "ISL-ch"]
[Site "Grundarfjordur"]
[Date "1986.??.??"]
[Round "7"]
[White "Bjarnason, Saevar"]
[Black "Sigurjonsson, Gudmundur"]
[Result "0-1"]
[WhiteElo "2395"]
[BlackElo "2495"]

1.d4 Nf6 2.c4 e6 3.Nf3 b6 4.Nc3 Bb4 5.Bg5 Bb7 6.e3 h6 7.Bh4 Bxc3+ 8.bxc3 d6
9.Nd2 Nbd7 10.f4 Qe7 11.Bd3 O-O-O 12.O-O g5 13.Bg3 Rdg8 14.Qe2 h5 15.e4 h4
16.Be1 Nh5 17.fxg5 Qxg5 18.Nf3 Qg4 19.Nxh4 Nf4 20.Qxg4 Rxg4 21.Bc2 Rhxh4
22.Bxh4 Rxh4 23.Rae1 Kd8 24.Re3 Ke7 25.Ref3 e5 26.g3 Nh3+ 27.Kg2 Rh7 28.Rf5 f6
29.d5 Bc8 30.Re1 Nc5 31.Rf3 a5 32.Bd1 Ba6 33.Be2 Bc8 34.Re3 Rh6 35.Bf1 Bd7
36.R1e2 Bg4 37.Re1 Bc8 38.R1e2 Bg4 39.Re1 Rg6 40.Kh1 Kf7 41.Kg2 Kg7 42.Rb1 Rg5
43.Rc1 Kg6 44.Rb1 f5 45.exf5+ Rxf5 46.Rb2 e4 47.Rd2 Kg5 48.a3 Bf3+ 49.Kxh3 Rf8
50.Rxf3 exf3 51.Rd4 Rh8+ 52.Rh4 Ne4 53.Rxh8 Nf2+  0-1

[Event "Hamburg HSV"]
[Site "Hamburg"]
[Date "1986.??.??"]
[Round "?"]
[White "Schulte, Oliver"]
[Black "Scholz, Guillermo"]
[Result "1/2-1/2"]
[WhiteElo "2325"]
[BlackElo "2355"]

1.d4 Nf6 2.c4 e6 3.Nf3 b6 4.Nc3 Bb4 5.Bg5 h6 6.Bh4 Bb7 7.e3 c5 8.Rc1 cxd4
9.exd4 O-O 10.Bd3 Be7 11.O-O d5 12.Re1 dxc4 13.Bxc4 Nc6 14.a3 Rc8 15.Ba2 Nd5
16.Bg3 Nxc3 17.Rxc3 Bf6 18.Rd3 Ne7 19.Ne5 Bd5 20.Bb1 Nf5 21.Ng4 Bg5 22.Rc3 Bb7
23.Rxc8 Bxc8 24.f4 Bf6 25.Nxf6+ Qxf6 26.Re5 Bb7 27.Bxf5 exf5 28.d5 Rd8 29.Be1 Qd6
30.Bb4 Qd7 31.Re7 Qc8 32.d6 Qc6 33.Qd2 a5 34.Rc7 Qe4 35.Re7 Qc6 36.Rc7 Qe4
37.Re7 Qc6  1/2-1/2

[Event "Helsinki"]
[Site "Helsinki"]
[Date "1986.??.??"]
[Round "2"]
[White "Rantanen, Yrjo A"]
[Black "Tisdall, Jonathan D"]
[Result "1/2-1/2"]
[WhiteElo "2395"]
[BlackElo "2455"]

1.d4 Nf6 2.c4 e6 3.Nf3 b6 4.Nc3 Bb4 5.Bg5 Bb7 6.e3 Bxc3+ 7.bxc3 d6 8.Nd2 Nbd7
9.f3 h6 10.Bh4 Qe7 11.Be2 c5 12.e4 g5 13.Bf2 Nh5 14.g3 f5 15.Qc2 O-O-O 16.O-O-O fxe4
17.fxe4 Nhf6 18.Rhe1 Kb8 19.Kb2 cxd4 20.cxd4 e5 21.d5 Rc8 22.Ka1 Rhf8 23.Bg1 Nc5
24.Rb1 Qh7 25.Bd1 Ka8 26.Re3 Rc7 27.Ra3 Kb8 28.Bf3 Bc8 29.Qb2 Rb7 30.Bg2  1/2-1/2

[Event "HUN-ch"]
[Site "?"]
[Date "1986.??.??"]
[Round "?"]
[White "Lukacs, Peter"]
[Black "Szekely, Peter"]
[Result "1/2-1/2"]
[WhiteElo "2460"]
[BlackElo "2430"]

1.d4 Nf6 2.c4 e6 3.Nf3 b6 4.Nc3 Bb4 5.Bg5 Bb7 6.Nd2 h6 7.Bh4 c5 8.a3 cxd4
9.axb4 dxc3 10.bxc3 d6 11.f3 Nbd7 12.e3 O-O 13.Be2 Qc7 14.O-O a5 15.Re1  1/2-1/2

[Event "HUN-ch"]
[Site "?"]
[Date "1986.??.??"]
[Round "?"]
[White "Lukacs, Peter"]
[Black "Lengyel, Levente"]
[Result "1/2-1/2"]
[WhiteElo "2460"]
[BlackElo "2385"]

1.d4 Nf6 2.c4 e6 3.Nf3 b6 4.Nc3 Bb7 5.a3 d5 6.cxd5 exd5 7.Bg5 Be7 8.Qa4+ c6
9.e3 Nbd7 10.Bd3 a6 11.O-O h6 12.Bh4 O-O 13.Rac1 c5 14.Bb1 Ne4 15.Bxe7 Qxe7
16.dxc5 Ndxc5 17.Qd1 Rfd8 18.Nd4 Rac8 19.Qe2 Nxc3 20.Rxc3 Ne4 21.Rxc8 Rxc8
22.Bd3 Nc5 23.Rc1 Nxd3 24.Rxc8+ Bxc8 25.Qxd3 Qc5 26.Qc2 Qc4 27.b3 Qxc2 28.Nxc2 a5
29.Kf1 Kf8 30.Ke2 Ke7 31.Nd4 Kd6 32.Kd3 Bd7 33.Kc3 Kc5 34.b4+ axb4+ 35.axb4+ Kd6
36.Nf3 Bg4 37.Nd2 Bd1 38.Kd3 Ba4 39.Nb1 Bb5+ 40.Kd4 Bf1 41.g3 Bg2 42.Nc3 f6
43.f4 Bf3 44.Nb1 Ke6 45.Nc3 Kd6 46.Kd3 Kc6 47.Kd2 Bg4 48.Ke1 Bd7 49.Kf2 Bg4
50.Kg2 h5 51.Kf2 Bd7 52.Ke1 Bh3 53.Kd2 Bf1 54.Ke1 Bh3 55.Ke2 Bg2 56.Kd1 Bh1
57.Kc2 Bf3 58.Kb2 Bg4 59.Kc2 Bf3 60.Kb3 Bg2 61.Kb2 g6 62.Nb1 Be4 63.Nd2 Bf5
64.Kc3 Kd6 65.Nb3  1/2-1/2

[Event "URS-FL"]
[Site "Irkutsk"]
[Date "1986.??.??"]
[Round "?"]
[White "Gavrikov, Viktor"]
[Black "Aseev, Konstantin N"]
[Result "1-0"]
[WhiteElo "2550"]
[BlackElo "2440"]

1.d4 Nf6 2.c4 e6 3.Nf3 b6 4.Nc3 Bb7 5.a3 d5 6.cxd5 Nxd5 7.Qc2 Nxc3 8.bxc3 c5
9.e4 Nc6 10.Bb2 Be7 11.Rd1 cxd4 12.cxd4 O-O 13.Bd3 Rc8 14.Qe2 Na5 15.O-O Bf6
16.Rfe1 Rc7 17.Bb1 Qc8 18.e5 Be7 19.h4 Qd8 20.d5 Bxd5 21.h5 Nb3 22.Qd3 g6
23.Nh2 Nc5 24.Qh3 f5 25.exf6 Bxf6 26.Bxf6 Qxf6 27.Ng4 Qf4 28.hxg6 Ne4 29.Bxe4 Bxe4
30.Rd4 Bxg2 31.Qh4 Qf3 32.Ne5 Qh3 33.gxh7+ Rxh7 34.Rg4+ Rg7 35.Rxg7+ Kxg7
36.Qg5+ Kh7 37.Qg6+  1-0

[Event "ISR-ch"]
[Site "?"]
[Date "1986.??.??"]
[Round "?"]
[White "Greenfeld, Alon"]
[Black "Veinger, Itzchak"]
[Result "0-1"]
[WhiteElo "2505"]
[BlackElo "2410"]

1.d4 Nf6 2.Nf3 e6 3.c4 b6 4.Nc3 Bb7 5.a3 d5 6.cxd5 Nxd5 7.Qc2 Nxc3 8.Qxc3 Nd7
9.Bg5 f6 10.Bf4 Bd6 11.Bxd6 cxd6 12.e3 Bxf3 13.gxf3 Rc8 14.Qb4 Qe7 15.Ba6 Rc7
16.Kd2 Nb8 17.Qa4+ Kf7 18.Bd3 f5 19.Rag1 d5 20.h4 Nd7 21.Rg5 Nf6 22.Rhg1 g6
23.Qd1 e5 24.dxe5 Qxe5 25.Qb3 Qh2 26.R1g2 Qh1 27.h5 Rc1 28.Be2 Qe1+ 29.Kd3 Nd7
30.Qxd5+ Ke7 31.e4 Rc5 32.Qd4 Ne5+ 33.Ke3 Qc1+  0-1

[Event "UKR-ch"]
[Site "Kiev"]
[Date "1986.??.??"]
[Round "4"]
[White "Malaniuk, Vladimir P"]
[Black "Shneider, Aleksandr"]
[Result "1/2-1/2"]
[WhiteElo "2495"]
[BlackElo "2450"]

1.d4 Nf6 2.Nf3 e6 3.c4 b6 4.Nc3 Bb4 5.Bg5 h6 6.Bh4 Bxc3+ 7.bxc3 Bb7 8.Nd2 g5
9.Bg3 d6 10.f3 Nbd7 11.e4 Qe7 12.Bf2 O-O-O 13.Bd3 Nh5 14.g3 f5 15.Qe2 Qf7
16.O-O-O Rhe8 17.Rhf1 e5 18.d5 f4 19.g4  1/2-1/2

[Event "UKR-ch"]
[Site "Kiev"]
[Date "1986.??.??"]
[Round "9"]
[White "Legky, Nikolay A"]
[Black "Shneider, Aleksandr"]
[Result "0-1"]
[WhiteElo "2365"]
[BlackElo "2450"]

1.d4 Nf6 2.c4 e6 3.Nf3 b6 4.Nc3 Bb4 5.Bg5 h6 6.Bh4 Bb7 7.e3 Bxc3+ 8.bxc3 d6
9.Nd2 g5 10.Bg3 Nbd7 11.h4 Rg8 12.hxg5 hxg5 13.f3 Qe7 14.Qa4 a5 15.O-O-O O-O-O
16.Kb1 e5 17.e4 Rh8 18.Rg1 g4 19.Ka1 Nh5 20.Bf2 exd4 21.cxd4 Qf6 22.Qc2 Nf4
23.Nb1 gxf3 24.gxf3 Nh3 25.Bxh3 Rxh3 26.Nd2 Rh2 27.Bg3 Qxd4+ 28.Qb2 Qxb2+
29.Kxb2 Rh3 30.Bf4 Nc5 31.Kc2 Bc6 32.Rdf1 f5 33.exf5 Rg8 34.Rg5 Bd7 35.Be3 Bxf5+
36.Kc3 Ne6 37.Rg2 Rd8 38.Rfg1 Kb7 39.Rg8 Rd7 40.R1g3 Rxg3 41.Rxg3 d5 42.cxd5 Rxd5
43.Ne4 Re5 44.Bd4 Rb5 45.a3 a4 46.Kc4 Rb3 47.Nc3 Nxd4 48.Kxd4 c5+  0-1

[Event "UKR-ch"]
[Site "Kiev"]
[Date "1986.??.??"]
[Round "14"]
[White "Shneider, Aleksandr"]
[Black "Zaid, Leonid D"]
[Result "0-1"]
[WhiteElo "2450"]
[BlackElo "2355"]

1.d4 Nf6 2.c4 e6 3.Nf3 b6 4.Nc3 Bb4 5.Bg5 Bb7 6.e3 h6 7.Bh4 Bxc3+ 8.bxc3 d6
9.Nd2 Nbd7 10.f3 Qe7 11.Qa4 e5 12.e4 exd4 13.cxd4 c5 14.Be2 cxd4 15.O-O O-O
16.Qd1 b5 17.cxb5 d5 18.Nb3 dxe4 19.Qxd4 exf3 20.Bxf3 Bxf3 21.Rxf3 a6 22.Re1 Qd8
23.a4 axb5 24.axb5 Re8 25.Rd1 Qb8 26.b6 Ra2  0-1

[Event "URS-FL"]
[Site "Kujbyshev"]
[Date "1986.??.??"]
[Round "?"]
[White "Temirbaev, Serik"]
[Black "Lerner, Konstantin Z"]
[Result "1-0"]
[WhiteElo "2200"]
[BlackElo "2550"]

1.d4 Nf6 2.c4 e6 3.Nf3 b6 4.Nc3 Bb4 5.Bg5 h6 6.Bh4 Bb7 7.e3 Bxc3+ 8.bxc3 d6
9.Nd2 Nbd7 10.f3 Qe7 11.e4 g5 12.Bf2 Nh5 13.Qa4 O-O 14.h4 Ng7 15.hxg5 hxg5
16.Bd3 e5 17.d5 Nc5 18.Bxc5 dxc5 19.Rh6 f6 20.O-O-O Qe8 21.Qa3 Kf7 22.Rdh1 Ke7
23.Nf1 Bc8 24.Ne3 Kd6 25.Rh7 Rf7 26.Bc2 Bd7 27.R1h6 a5 28.Rg6 Qf8 29.Ba4 Rd8
30.Qb3 Ne8 31.Rh2 Rg7 32.Rgh6 Rg8 33.Bb5 Ke7 34.Qa4 Bxb5 35.Qxb5 Nd6 36.Qc6 Rd7
37.Ng4 Rg7 38.Rh8 Qf7 39.Nh6 Qf8 40.Nf5+ Ke8  1-0

[Event "Leiden m"]
[Site "Leiden"]
[Date "1986.??.??"]
[Round "2"]
[White "Piket, Jeroen"]
[Black "Van der Wiel, John TH"]
[Result "1/2-1/2"]
[WhiteElo "2410"]
[BlackElo "2555"]

1.d4 Nf6 2.c4 e6 3.Nf3 b6 4.Nc3 Bb7 5.a3 d5 6.cxd5 exd5 7.Bf4 Nh5 8.Bg5 Be7
9.Bxe7 Qxe7 10.g3 O-O 11.Bg2 Nd7 12.O-O Nhf6 13.Rc1 c5 14.Re1 Rfd8 15.Qc2 Rac8
16.Qb1 Ne4 17.e3 cxd4 18.Nxe4 dxe4 19.Rxc8 Rxc8 20.Nxd4 Nc5 21.Rc1 a5 22.Bf1 a4
23.b4 axb3 24.Nxb3 Bd5  1/2-1/2

[Event "Lisboa"]
[Site "Lisboa"]
[Date "1986.??.??"]
[Round "?"]
[White "Bellon Lopez, Juan Manuel"]
[Black "Mikhalchishin, Adrian"]
[Result "1/2-1/2"]
[WhiteElo "2430"]
[BlackElo "2510"]

1.d4 Nf6 2.c4 e6 3.Nf3 b6 4.Nc3 Bb7 5.Bg5 h6 6.Bh4 Be7 7.e3 O-O 8.Qc2 c5
9.Be2 cxd4 10.Nxd4 Nc6 11.Rd1 Nxd4 12.Rxd4 Bxg2 13.Rg1 Bc6 14.e4 e5 15.Rd1 Nh7
16.Bg3 Qc7 17.Qd2 Ng5 18.Nd5 Bxd5 19.Qxd5 d6 20.Bh4 Ne6 21.Bxe7 Qxe7 22.Qxd6 Qxd6
23.Rxd6 Rfd8 24.Rd5 f6 25.Rg3 Nf4 26.Rxd8+ Rxd8 27.Rc3 Rd4 28.f3 Ne6 29.b4 Kf8
30.Bf1 Ke7 31.Ra3 Rd7  1/2-1/2

[Event "Lugano op"]
[Site "Lugano"]
[Date "1986.??.??"]
[Round "?"]
[White "Plaskett, Jim"]
[Black "Kosten, Anthony C"]
[Result "1-0"]
[WhiteElo "2435"]
[BlackElo "2405"]

1.d4 Nf6 2.c4 e6 3.Nf3 b6 4.Nc3 Bb4 5.Bg5 Bb7 6.e3 h6 7.Bh4 g5 8.Bg3 Ne4
9.Qc2 Bxc3+ 10.bxc3 Nxg3 11.hxg3 Qe7 12.Nd2 Nc6 13.a4 Kf8 14.Nb3 Kg7 15.a5 Rab8
16.d5 Nxa5 17.Nxa5 bxa5 18.Rxa5 c6 19.dxe6 dxe6 20.Be2 a6 21.c5 Bc8 22.O-O e5
23.Qe4 Qf6 24.Bf3 Rb5 25.Rxb5 cxb5 26.Rd1 Bf5 27.Qb7 Bc8 28.Qe4 Bf5 29.Qb7 Bc8
30.Qc7 e4 31.Bxe4 Qxc3 32.Rd6 Rf8 33.Rg6+ Kh8 34.Rxh6+ Kg8 35.Qe7  1-0

[Event "Lvov Int"]
[Site "Lvov"]
[Date "1986.??.??"]
[Round "?"]
[White "Malaniuk, Vladimir P"]
[Black "Novikov, Igor A"]
[Result "0-1"]
[WhiteElo "2495"]
[BlackElo "2490"]

1.d4 Nf6 2.c4 e6 3.Nf3 b6 4.Nc3 Bb7 5.a3 d5 6.cxd5 Nxd5 7.Qa4+ Nd7 8.Nxd5 Bxd5
9.Qc2 Be7 10.e4 Bb7 11.Bb5 O-O 12.Bc6 Bxc6 13.Qxc6 Nf6 14.Bg5 h6 15.Bxf6 Bxf6
16.e5 Be7 17.Rc1 Rc8 18.Ke2 Qe8 19.Kd3 Bd8 20.Qxe8 Rxe8 21.Rc6 Kf8 22.Kc4 a6
23.d5 exd5+ 24.Kxd5 Be7 25.Rhc1 Bc5 26.b4 Bxf2 27.Ke4 b5 28.Rxc7 Rxc7 29.Rxc7 Ra8
30.g4 a5 31.Rb7 axb4 32.axb4 Ra3 33.g5 Re3+ 34.Kf4 Rc3 35.e6 hxg5+ 36.Ke5 Re3+
37.Kd6 Rd3+ 38.Ke5 Re3+ 39.Kd6 Rd3+ 40.Ke5 Rxf3  0-1

[Event "Lvov Int"]
[Site "Lvov"]
[Date "1986.??.??"]
[Round "?"]
[White "Palatnik, Semon"]
[Black "Szekely, Peter"]
[Result "1/2-1/2"]
[WhiteElo "2460"]
[BlackElo "2415"]

1.d4 Nf6 2.c4 e6 3.Nf3 b6 4.Nc3 Bb4 5.Qc2 Bb7 6.a3 Bxc3+ 7.Qxc3 d6 8.e3 O-O
9.b3 Nbd7 10.Bb2 a5 11.Be2 Ne4 12.Qc2 f5 13.O-O Qe7 14.Ne1 Ng5 15.f3 e5 16.Qd2 Ne6
17.d5 Ng5 18.b4 axb4 19.axb4 Rxa1 20.Bxa1 Ra8 21.Nc2 Nf7 22.Bd3 g6 23.e4 fxe4
24.fxe4 Qg5 25.Bc3 Qxd2 26.Bxd2 Kg7 27.Ra1 Rxa1+ 28.Nxa1 c5 29.Nc2 Kf6 30.Kf2 Ke7
31.g4 Nf6 32.g5 Ne8 33.h4 Bc8 34.Be2 Bd7 35.Ne3 h5 36.Ke1 Nc7 37.b5 Nd8 38.Nd1 Nf7
39.Nc3 Na8 40.Kf2 Kf8 41.Bf3 Nc7 42.Be2 Na8 43.Bd1 Bc8 44.Bf3 Nc7 45.Na4 Na8
46.Kg3 Bd7 47.Be2 Bc8 48.Kg2 Bd7 49.Bf3 Bc8 50.Nc3 Nc7 51.Kf2 Bd7 52.Ne2 Ne8
53.Nc3 Nc7 54.Na4 Na8 55.Nc3 Nc7 56.Na4 Na8 57.Kg2 Bc8  1/2-1/2

[Event "SWE-ch"]
[Site "Malmo"]
[Date "1986.??.??"]
[Round "?"]
[White "Fridh, Anton"]
[Black "Ornstein, Axel"]
[Result "0-1"]
[WhiteElo "2265"]
[BlackElo "2405"]

1.d4 Nf6 2.Nf3 e6 3.c4 b6 4.Nc3 Bb7 5.e3 Bb4 6.Bd3 Ne4 7.Qc2 Bxc3+ 8.bxc3 f5
9.O-O O-O 10.Nd2 Qh4 11.f3 Ng5 12.f4 Nf7 13.Nf3 Qh5 14.Ba3 Re8 15.e4 fxe4
16.Bxe4 Bxe4 17.Qxe4 Nc6 18.Ne5 Ncxe5 19.fxe5 d6 20.Rf2 dxe5 21.Raf1 Nd6
22.Qc6 Nf5 23.d5 h6 24.Bc1 Rac8 25.dxe6 Nd6 26.Qd7 Red8 27.Qc6 Re8 28.Ba3 Rxe6
29.Qd5 Re8 30.Bxd6 cxd6 31.Rf5 Qg6 32.Qe4 R6e7 33.h4 Qe6 34.R1f3 Rc7 35.Qg4 Rxc4
36.Qg3 e4 37.Rf1 e3 38.Rf7 Rg4 39.Qf3 e2 40.Rf8+ Kh7 41.Rxe8 Rxg2+ 42.Kxg2 exf1=Q+
43.Kxf1 Qxe8 44.h5 Qe5 45.Kg2 d5 46.Qf7 b5 47.Kf2 a5 48.a3 Qf6+ 49.Qxf6 gxf6
50.Ke3 f5 51.Kf4 d4 52.cxd4 b4 53.axb4 axb4 54.d5 Kg7  0-1

[Event "SWE-ch"]
[Site "Malmo"]
[Date "1986.??.??"]
[Round "?"]
[White "Ornstein, Axel"]
[Black "Bator, Robert"]
[Result "0-1"]
[WhiteElo "2405"]
[BlackElo "2285"]

1.d4 Nf6 2.Nf3 e6 3.c4 b6 4.Nc3 Bb4 5.Qb3 a5 6.g3 Nc6 7.Bg2 a4 8.Qc2 a3 9.O-O O-O
10.d5 Bxc3 11.Qxc3 exd5 12.Rd1 dxc4 13.Ne5 Qe8 14.Nxc6 dxc6 15.Qxc4 Ba6 16.Qxc6 Qxe2
17.Bf4 axb2 18.Rab1 Bb5 19.Qxc7 Rxa2 20.Bf1 Qxd1 21.Rxd1 Ra1 22.Qc2 Ba4 23.Qxb2 Rxd1
24.Qxb6 Bc2 25.Qb5 Bd3 26.Qxd3 Rxd3 27.Bxd3 Nd5 28.Bd6 Rd8 29.Bc5 Rc8 30.Ba7 Ra8
31.Bd4 Ra4 32.Bc5 g5 33.Kg2 h6 34.h3 Ra5 35.Bd4 Ra4 36.Bc5 Kg7 37.Bb5 Ra5
38.Bd4+ f6 39.Bc6 Nb4 40.Be4 Nd5 41.Bf3 Ra4 42.Bc5 Ra5 43.Bd4 Kg6 44.Be4+ f5
45.Bf3 h5 46.Bd1 h4 47.Bf3 hxg3 48.fxg3 Ra2+ 49.Kg1 Nf6 50.Be5 Ra5 51.Bd4 Ra4
52.Be5 Ne4 53.g4 f4 54.h4 gxh4  0-1

[Event "Oslo"]
[Site "Oslo"]
[Date "1986.??.??"]
[Round "?"]
[White "Bellon Lopez, Juan Manuel"]
[Black "Helmers, Knut J"]
[Result "1/2-1/2"]
[WhiteElo "2430"]
[BlackElo "2455"]

1.d4 e6 2.c4 Nf6 3.Nf3 b6 4.Nc3 Bb7 5.a3 d5 6.cxd5 exd5 7.Qa4+ c6 8.g3 Bd6
9.Bh3 Nbd7 10.Bg5 Be7 11.Rc1 O-O 12.O-O Re8 13.Rfd1 h6 14.Be3 Bf8  1/2-1/2

[Event "Philadelphia"]
[Site "Philadelphia"]
[Date "1986.??.??"]
[Round "?"]
[White "Schroer, Jonathan"]
[Black "Alzate, Dario"]
[Result "1/2-1/2"]
[WhiteElo "2370"]
[BlackElo "2365"]

1.d4 Nf6 2.c4 e6 3.Nf3 b6 4.Nc3 Bb4 5.Bg5 h6 6.Bh4 Bb7 7.e3 Bxc3+ 8.bxc3 d6
9.Nd2 c5 10.f3 Nc6 11.Bd3 O-O 12.O-O  1/2-1/2

[Event "Philadelphia"]
[Site "Philadelphia"]
[Date "1986.??.??"]
[Round "?"]
[White "Schroer, Jonathan"]
[Black "Frias, Victor J"]
[Result "1/2-1/2"]
[WhiteElo "2370"]
[BlackElo "2440"]

1.d4 Nf6 2.c4 e6 3.Nf3 b6 4.Nc3 Bb4 5.Bg5 h6 6.Bh4 Bxc3+ 7.bxc3 Bb7 8.Nd2 d6
9.Qc2 c5 10.f3 O-O 11.e3 Nbd7 12.Be2 Qc7 13.O-O Rfc8 14.Qb2 d5  1/2-1/2

[Event "Philadelphia"]
[Site "Philadelphia"]
[Date "1986.??.??"]
[Round "?"]
[White "Klein, Lawrence"]
[Black "Alzate, Dario"]
[Result "0-1"]
[WhiteElo "2365"]
[BlackElo "2365"]

1.d4 Nf6 2.Nf3 e6 3.c4 b6 4.Nc3 Bb4 5.Qc2 Bb7 6.a3 Bxc3+ 7.Qxc3 d6 8.e3 Ne4
9.Qc2 O-O 10.b4 f5 11.Bd3 a5 12.b5 Rf6 13.Bb2 Rg6 14.Rg1 Nd7 15.O-O-O c6
16.bxc6 Bxc6 17.d5 Bxd5 18.Nd4 Rc8 19.Kb1 Ne5 20.Nxf5 exf5 21.Bxe5 dxe5 22.f3 Nd6
23.Bxf5 Rxc4 24.Qb3 Rc1+  0-1

[Event "Philadelphia op"]
[Site "Philadelphia"]
[Date "1986.??.??"]
[Round "?"]
[White "Whitehead, Jay E"]
[Black "Sax, Gyula"]
[Result "0-1"]
[WhiteElo "2425"]
[BlackElo "2545"]

1.d4 Nf6 2.c4 e6 3.Nf3 b6 4.Nc3 Bb7 5.a3 d5 6.cxd5 Nxd5 7.Qc2 Nxc3 8.bxc3 g6
9.Bg5 Qd5 10.Bf6 Rg8 11.e3 Qf5 12.Qxf5 gxf5 13.Ne5 Nd7 14.Nxd7 Kxd7 15.f3 Bd6
16.Bh4 c5 17.Bb5+ Bc6 18.Bxc6+ Kxc6 19.O-O Rg6 20.e4 Rag8 21.g3 f4 22.e5 Bc7
23.Kf2 Rh6 24.Rfe1 Bd8 25.Bxd8 Rxh2+ 26.Kg1 Rh3 27.Bf6 Rgxg3+ 28.Kf1 Rxf3+
29.Ke2 c4 30.Rec1 Rfg3 31.Rf1 Rh2+ 32.Ke1 Kd5  0-1

[Event "POL-chT"]
[Site "Porabka"]
[Date "1986.??.??"]
[Round "?"]
[White "Karpik, Tadeusz"]
[Black "Ksieski, Zbigniew"]
[Result "1/2-1/2"]
[WhiteElo "2285"]
[BlackElo "2385"]

1.d4 Nf6 2.c4 e6 3.Nf3 b6 4.Nc3 Bb4 5.Bg5 h6 6.Bh4 Bb7 7.e3 Bxc3+ 8.bxc3 Nc6
9.Be2 Ne7 10.O-O Ng6 11.Bg3 Ne4 12.Bd3 f5 13.Nd2 Nxg3 14.fxg3 Qg5 15.Qe2 O-O
16.Rae1 c5 17.e4 f4 18.Nf3 Qg4 19.Nh4 Qxe2 20.Rxe2 fxg3 21.hxg3 Nxh4 22.gxh4 Rxf1+
23.Kxf1 cxd4 24.cxd4 e5 25.c5 Rf8+ 26.Kg1 exd4 27.cxb6 axb6 28.Rb2 Rf6 29.Rb4 Rd6
30.e5 Rc6 31.Rxd4 Rc1+ 32.Kh2 Bc6  1/2-1/2

[Event "POL-chT"]
[Site "Porabka"]
[Date "1986.??.??"]
[Round "?"]
[White "Kujawski, Ryszard"]
[Black "Szalajdewicz, Janusz"]
[Result "1-0"]
[WhiteElo "2225"]
[BlackElo "2315"]

1.d4 Nf6 2.c4 e6 3.Nf3 b6 4.Nc3 Bb7 5.a3 Be7 6.d5 O-O 7.g3 Re8 8.Bg2 Bf8
9.O-O d6 10.e4 c6 11.dxe6 Rxe6 12.e5 Nfd7 13.Ng5 Rxe5 14.Qh5 Rxg5 15.Bxg5 f6
16.Bf4 Ne5 17.Bxe5 fxe5 18.f4 Nd7 19.Ne4 Qe8 20.Qd1 Qe6 21.Ng5 Qe7 22.Bh3 g6
23.Be6+ Kh8 24.Bxd7 Qxd7 25.fxe5 Qe7 26.h4 dxe5 27.Rf7 Qc5+ 28.Kh2 Bc8 29.b4 Qd6
30.Qxd6 Bxd6 31.Rd1  1-0

[Event "POL-chT"]
[Site "Porabka"]
[Date "1986.??.??"]
[Round "?"]
[White "Szypulski, Andrzej"]
[Black "Kruszynski, Wlodzimierz"]
[Result "1/2-1/2"]
[WhiteElo "2280"]
[BlackElo "2360"]

1.Nf3 Nf6 2.c4 e6 3.d4 b6 4.Nc3 Bb4 5.Qc2 Bb7 6.a3 Bxc3+ 7.Qxc3 d6 8.b4 O-O
9.g3 Nbd7 10.Bg2 Qe7 11.O-O c5 12.Bb2 cxb4 13.axb4 Rfc8 14.Nd2 Bxg2 15.Kxg2 e5
16.Qe3 Re8 17.Ra3 exd4 18.Bxd4 Ne5 19.Qg5 h6 20.Qf5 Qb7+ 21.Kg1 Re6 22.Rfa1 Ned7  1/2-1/2

[Event "POL-chT"]
[Site "Porabka"]
[Date "1986.??.??"]
[Round "?"]
[White "Karpik, Tadeusz"]
[Black "Kruszynski, Wlodzimierz"]
[Result "1/2-1/2"]
[WhiteElo "2285"]
[BlackElo "2360"]

1.d4 Nf6 2.c4 e6 3.Nf3 b6 4.Nc3 Bb4 5.Bg5 h6 6.Bh4 Bb7 7.e3 Bxc3+ 8.bxc3 d6
9.Bd3 Nbd7 10.O-O Qe7 11.Nd2 g5 12.Bg3 h5 13.f3 h4 14.Bf2 O-O-O 15.e4 g4
16.fxg4 h3 17.g3 Rdg8 18.Qe2 Nxg4 19.c5 dxc5 20.Ba6 cxd4 21.cxd4 Nb8 22.Bxb7+ Kxb7
23.a4 Qd7 24.a5 f5 25.axb6 cxb6 26.Nc4 Nxf2 27.Qa2 Kc8 28.Qxf2 Nc6 29.Rfd1 fxe4
30.Rac1 Kb7 31.Ne5 Nxe5 32.dxe5 Qe7 33.Rd6 Rc8 34.Rb1 Qc7 35.Rxe6 Qc1+ 36.Qf1 Qe3+
37.Kh1 Rhf8 38.Rf6 Rxf6 39.exf6  1/2-1/2